000 00913nam a2200265 a 4500
999 _c328160
_d328160
003 BLK
005 20240531104539.0
008 181219b bu ||||| |||| 00| 0 bu d
020 _a9789545154522
040 _aBLK
041 _aBUL
_cBUL
080 _aБългарска литература
_b821.163.2
_x-94
_z821.163.2-94
100 1 _9145426
_aЯнакиев, Яков
_eпърви автор
139 _aЯнакиев, Яков
_bЯ 51
245 _aХроники на безвремието
257 _aBGR
260 _9214258
_aСофия
_bМилениум
_c2018
_fИнвестпрес
_g2018
300 _a254 с.
_c с ил.
_b21 см
380 _aX
500 _aБиогр. данни за авт. отбелязани на гърба на кор.
852 _aЦб 293726
942 _cKNG
_n0
_06
944 _aED
_c2019-02-14
_k30576
_lЦветомила Тодорова
999 _d328160